[Event "Asia-ch Amateur"]
[Site "Bandar Seri Begawan"]
[Date "2015.09.10"]
[Round "7"]
[White "Vivek, M."]
[Black "Manaog, Stewart"]
[Result "0-1"]
[WhiteElo "1842"]
[BlackElo "2087"]
[PlyCount "78"]
[EventDate "2015.09.07"]
[EventType "swiss"]
[EventRounds "9"]
[EventCountry "BRN"]
[SourceTitle "EXT 2016"]
[Source "ChessBase"]
[SourceDate "2015.10.08"]
[SourceVersion "1"]
[SourceVersionDate "2015.10.08"]
[SourceQuality "1"]

1. d4 d5 2. c4 c6 3. Nf3 e6 4. g3 Bd6 5. Bg2 f5 6. 0-0 Nf6 7. Qc2 0-0 8. Nbd2 Ne4 9. Ne5 Bxe5 10. dxe5 Nd7 11. Nf3 g5 12. cxd5 exd5 13. b3 g4 14. e6 Ndc5 15. Ba3 Qa5 16. Qc1 gxf3 17. exf3 Nd3 18. Qe3 Qxa3 19. fxe4 dxe4 20. Qg5+ Kh8 21. e7 Re8 22. Qf6+ Kg8 23. Qg5+ Kf7 24. Qh5+ Kxe7 25. Qg5+ Kd6 26. Qf6+ Be6 27. Rad1 Kc7 28. Bh3 Qe7 29. Qc3 Rad8 30. Bxf5 Bxf5 31. Qa5+ b6 32. Qxf5 Rd5 33. Qg4 h5 34. Qe2 Qe5 35. f4 Qd4+ 36. Kg2 Rf8 37. a4 h4 38. Qg4 hxg3 39. hxg3 Qb2+ 0-1